000 00588nam a22001817a 4500
005 20240514025805.0
008 230316b |||||||| |||| 00| 0 eng d
020 _a981-240-262-4
082 _a647.94 W433 2000
100 _aWeissinger, Suzzane
_eauthor
245 _aHotel/Motel:
_ban overview /
_cSuzanne Weissinger
250 _a2nd ed.
260 _aAustralia:
_bDelmar Publishing,
_cc2000.
300 _aviii, 193p.;
_bill.
504 _aIncludes index
541 _e1045 c.1, 1046 c.2, 1047 c.3, 1048 c.4, 1049 c.5, 1050 c.6, 1051 c.7
650 _aHotel and motels - Management
999 _c1877
_d1877